000 00684nam a2200229 i 4500
001 C2-0309075
003 PPAK
005 20180728100027.0
008 110525s2007 my |||| ||||| | may d
020 _a9789834226671
040 _aPPAK
_beng
_cPPAK
_erda
082 0 4 _a172.09595
_223
090 0 0 _a172.09595
_bINT
_dKMI
245 0 0 _aIntegriti politik di Malaysia :
_bke arah kefahaman yang lebih sempurna
264 1 _aKuala Lumpur :
_bInstitut Integriti Malaysia ,
_c2007
300 _axvi, 242 pages ;
_c21 cm
336 _2rdacontent
_atext
337 _2rdamedia
_aunmediated
338 _2rdacarrier
_avolume
650 1 0 _aPolitical ethnics - Malaysia.
942 _ddc
_cB
999 _c111628
_d111628